La esencia de los nacionalismos : Sus virtudes y sus peligros / Luis Durán y Ventosa Sus virtudes y sus peligros / Luis Durán y Ventosa
Descripción Física:
231 p. ; 24 cm
Materias:
Nacionalisme
MARC
| LEADER | 00000nam a2200000Ia 4500 | ||
|---|---|---|---|
| 001 | 2156 | ||
| 008 | 160829s1939 xx 000 0 cat d | ||
| 080 | |a M-3-233 | ||
| 100 | 1 | |a Duran i Ventosa, Lluís, |d 1870-1954 |9 24177 | |
| 245 | |a La esencia de los nacionalismos : |b Sus virtudes y sus peligros / Luis Durán y Ventosa | ||
| 260 | |a Buenos Aires : |b Editorial Tor, |c 1939 | ||
| 300 | |a 231 p. ; |c 24 cm | ||
| 650 | |a Nacionalisme |9 39944 | ||
| 901 | |a Arxiu | ||
| 942 | |n 1 | ||
| 952 | |0 0 |1 0 |4 0 |6 M3233 |7 1 |9 43011 |a Arxiu |b Arxiu |d 2016-12-01 |l 0 |o M-3-233 |p 2156 |r 2016-12-01 00:00:00 |w 2016-12-01 |y ARXIU | ||
| 999 | |c 45554 |d 45554 | ||